000 00339nam a22001457a 4500
003 OSt
008 250507b |||||||| |||| 00| 0 eng d
100 _aSARASWATI, Mehrsee Dayanand
245 _aAroyodeshratanmala
250 _a21th
260 _aNew Delhi
_bArya Prakashan
_c2021
300 _a16
650 _aGeneral
942 _2ddc
_cBK
999 _c13557
_d13557